Guidebook on Moleular Modeling and Drug Design (Record no. 15358)
[ view plain ]
| 000 -LEADER | |
|---|---|
| fixed length control field | 00382nam a2200157Ia 4500 |
| 003 - CONTROL NUMBER IDENTIFIER | |
| control field | OSt |
| 005 - DATE AND TIME OF LATEST TRANSACTION | |
| control field | 20231220065514.0 |
| 008 - FIXED-LENGTH DATA ELEMENTS--GENERAL INFORMATION | |
| fixed length control field | 170617s9999 xx 000 0 und d |
| 020 ## - INTERNATIONAL STANDARD BOOK NUMBER | |
| International Standard Book Number | 9788131201695 |
| 040 ## - CATALOGING SOURCE | |
| Transcribing agency | IIMT UNIVERSITY |
| 100 ## - MAIN ENTRY--PERSONAL NAME | |
| Personal name | Cohen-N.Claude |
| 245 #0 - TITLE STATEMENT | |
| Title | Guidebook on Moleular Modeling and Drug Design |
| 260 ## - PUBLICATION, DISTRIBUTION, ETC. | |
| Name of publisher, distributor, etc. | Elesvir Pub |
| 260 ## - PUBLICATION, DISTRIBUTION, ETC. | |
| Date of publication, distribution, etc. | 2009 |
| 942 ## - ADDED ENTRY ELEMENTS (KOHA) | |
| Source of classification or shelving scheme | |
| Koha item type | Text-Book- for 7 days |
| Withdrawn status | Lost status | Source of classification or shelving scheme | Damaged status | Not for loan | Home library | Current library | Date acquired | Source of acquisition | Cost, normal purchase price | Barcode | Date last seen | Price effective from | Koha item type | Total Checkouts | Date last checked out |
|---|---|---|---|---|---|---|---|---|---|---|---|---|---|---|---|
| IIMT University College of Medical Sciences | IIMT University College of Medical Sciences | 06/22/2017 | 1 | 995.00 | 02-B-5377 | 06/22/2017 | 06/22/2017 | Reference Book | |||||||
| IIMT University College of Medical Sciences | IIMT University College of Medical Sciences | 06/22/2017 | 1 | 995.00 | 02-B-5434 | 06/22/2017 | 06/22/2017 | Text-Book- for 7 days | |||||||
| IIMT University College of Medical Sciences | IIMT University College of Medical Sciences | 06/22/2017 | 1 | 995.00 | 02-B-5435 | 05/17/2023 | 06/22/2017 | Text-Book- for 7 days | 1 | 05/08/2023 |

